LDR 00624naa#a2200169#i#450# 001 EN\\bibl\122181 005 20260430055639.4 011 ## _a2074-1626 100 ## _a20260416b2026####ek#y0engy0150####ca 102 ## _aRU 200 1# _aTHE CHIEFS OF THE RUSSIAN YASAK BASES OF THE XVII CENTURY: «PRIKAZCHIKI» OR «PRIKAZNYUE»? _eJournal article 210 1# _aSaint-Petersburg _cSaint-Petersburg University of State Fire Service of Emercom of Russia _d2026 215 ## _a5 с. 608 ## _aJournal article _2local 675 ## _aМестные органы управления. 352.075 _z 700 #1 _aSavinov _gMikhail A. 856 4# _ajournals.igps.ru _u